<Die> Weltwirtschaft Vierteljahresschrift des Instituts für Weltwirtchaft an der Universität Kiel

Uložené v:
Podrobná bibliografia
Médium: Seriál
Jazyk:German
Vydavateľské údaje: Berlin Springer-Verlag 2002
Predmet:
Tagy: Pridať tag
Žiadne tagy, Buďte prvý, kto otaguje tento záznam!

MARC

LEADER 00000nas2a22000001 4500
001 0039039
005 20070125083107.8
022 |a 0043-2652 
041 0 |a ger 
044 |a DE 
245 1 0 |a <Die> Weltwirtschaft  |b Vierteljahresschrift des Instituts für Weltwirtchaft an der Universität Kiel 
264 1 |a Berlin  |b Springer-Verlag  |c 2002 
773 0 |w eu_un_cat*s120288 
610 2 0 |a hospodárstvo svetové 
610 2 0 |a politika hospodárska